Shameless Characters - Statistiken

Allgemein
  • Dieses Quiz wurde 233 mal gespielt
    229 seit der letzten Aktualisierung
  • Das Durchschnittsergebnis liegt bei 20 aus 58
Antwortstatistiken
Antwort % Korrekt
Frank Gallagher
96%
Carl Gallagher
95%
Fiona Gallagher
95%
Ian Gallagher
93%
Phillip Gallagher
92%
Liam Gallagher
89%
Kevin Ball
86%
Monica Gallagher
86%
Debbie Gallagher
84%
Veronica Fisher
80%
Mickey Milkovich
77%
Jimmy Lishman
75%
Mandy Milkovich
68%
Karen Jackson
56%
Sheila Jackson
54%
Terry Milkovich
48%
Svetlana Yevgenivna
47%
Amy Ball
40%
Sandy Milkovich
40%
Frances Gallagher
38%
Jody Silverman
31%
Gemma Ball
29%
Kermit
29%
Gus Pfender
27%
Peggy Gallagher
27%
Tami Tamietti
27%
Mike Pratt
26%
Tony Markovich
26%
Ford Kellogg
25%
Sean Pierce
25%
Tommy
25%
Yevgeny Milkovich
25%
Sierra Morton
20%
Kash
19%
Eddie Jackson
18%
Roberta
16%
Kassidi Gallagher
15%
Estefania
14%
Kelly Keefe
14%
Robbie Pratt
14%
Bianca Samson
11%
Brad Young
11%
Trevor
11%
Derek Delgado
10%
Freddie Gallagher
10%
Linda
10%
Ginger Gallagher
9%
Jasmin Hollander
8%
Sammi Slott
8%
Caleb
7%
Charles Slott
7%
Ethel
7%
Lou Deckner
5%
Neil Morton
4%
Professor Youens
3%
Adam
2%
Holly Herkimer
2%
Marco
2%
Keine übereinstimmenden Quizze gefunden
Verteilung der Resultate
Anzahl Personen mit jedem Resultat
Perzentil nach korrekt beantworteten Fragen
Ihre Resultats-Entwicklung
Sie haben dieses Quiz seit der letzten Aktualisierung nicht gespielt